[Event "NOR-chB"]
[Site "Oslo"]
[Date "2023.07.05"]
[Round "6"]
[White "Jensen, Stein"]
[Black "Nordby, Bernt"]
[Result "1/2-1/2"]
[WhiteElo "2031"]
[BlackElo "1981"]
[PlyCount "52"]
[EventDate "2023.06.30"]
[EventType "swiss"]
[EventRounds "9"]
[EventCountry "NOR"]
[SourceTitle "EXT 2024"]
[Source "ChessBase"]
[SourceDate "2023.10.10"]
[SourceVersion "1"]
[SourceVersionDate "2023.10.10"]
[SourceQuality "1"]

1. b3 Nf6 2. Bb2 g6 3. g3 Bg7 4. Bg2 0-0 5. c4 d6 6. Nf3 e5 7. 0-0 Nc6 8. a3 a5 9. d3 h6 10. Nc3 Be6 11. e4 Qd7 12. Nd5 Bg4 13. Qd2 Bxf3 14. Bxf3 Nxd5 15. cxd5 Nd4 16. Bxd4 exd4 17. Bg2 c6 18. dxc6 bxc6 19. f4 Kh7 20. h4 h5 21. Kh2 Rfb8 22. Qc2 Rb5 23. b4 axb4 24. axb4 Rab8 25. Ra6 R8b6 26. Rxb6 Rxb6 1/2-1/2

[Event "Wch Seniors 50 28th"]
[Site "Bled"]
[Date "2018.11.27"]
[Round "9"]
[White "Baimurzin, Aitkazy"]
[Black "Jensen, Stein"]
[Result "1/2-1/2"]
[WhiteElo "2154"]
[BlackElo "2011"]
[PlyCount "75"]
[EventDate "2018.11.18"]
[EventType "swiss"]
[EventRounds "11"]
[EventCountry "SLO"]
[SourceTitle "CBM 187 Extra"]
[Source "ChessBase"]
[SourceDate "2018.11.04"]
[SourceVersion "1"]
[SourceVersionDate "2018.11.04"]
[SourceQuality "1"]

1. Nf3 c5 2. c4 Nc6 3. Nc3 g6 4. g3 Bg7 5. Bg2 e5 6. 0-0 Nge7 7. a3 a5 8. d3 0-0 9. Rb1 d6 10. Ne1 Be6 11. Nd5 Rb8 12. Bd2 b5 13. Nxe7+ Nxe7 14. cxb5 Rxb5 15. b4 axb4 16. axb4 cxb4 17. Rxb4 Qb8 18. Qa4 Rxb4 19. Qxb4 h6 20. Nc2 Qc7 21. Rc1 Qd7 22. Na3 Rc8 23. Rb1 d5 24. h4 f5 25. Qb6 e4 26. Qa6 Rc6 27. Qa8+ Rc8 28. Rb8 Rxb8 29. Qxb8+ Kh7 30. Nb5 Nc6 31. Qb6 Bg8 32. d4 Bf6 33. Bh3 Bd8 34. Qa6 Bf6 35. e3 h5 36. Bf1 Bf7 37. Nc3 Nd8 38. Bb5 1/2-1/2

[Event "Wch Seniors 50 28th"]
[Site "Bled"]
[Date "2018.11.26"]
[Round "8"]
[White "Jensen, Stein"]
[Black "Buciu, Aurel John"]
[Result "1-0"]
[WhiteElo "2011"]
[BlackElo "1687"]
[PlyCount "55"]
[EventDate "2018.11.18"]
[EventType "swiss"]
[EventRounds "11"]
[EventCountry "SLO"]
[SourceTitle "CBM 187 Extra"]
[Source "ChessBase"]
[SourceDate "2018.11.04"]
[SourceVersion "1"]
[SourceVersionDate "2018.11.04"]
[SourceQuality "1"]

1. c4 b6 2. b3 Bb7 3. Bb2 e6 4. e3 f5 5. Nf3 Nf6 6. Nc3 Be7 7. d4 d6 8. Ng5 Qc8 9. d5 exd5 10. cxd5 0-0 11. Ne6 Rf7 12. h4 Nxd5 13. Nxd5 Bxd5 14. Nxc7 Qxc7 15. Qxd5 Qc6 16. Bc4 Qxd5 17. Bxd5 Nd7 18. Bxa8 Rf8 19. Bd5+ Kh8 20. g3 Nc5 21. 0-0 a5 22. Bd4 h6 23. Kg2 Bd8 24. a3 Re8 25. b4 axb4 26. axb4 Nd3 27. Ra7 Be7 28. Bf7 1-0

[Event "Bled Planinc Memorial 1st"]
[Site "Bled"]
[Date "2018.11.24"]
[Round "5"]
[White "Jensen, Stein"]
[Black "Lagunov, Evgenij"]
[Result "0-1"]
[WhiteElo "2011"]
[BlackElo "2272"]
[PlyCount "69"]
[EventDate "2018.11.24"]
[EventType "swiss (blitz)"]
[EventRounds "9"]
[EventCountry "SLO"]
[SourceTitle "CBM 187 Extra"]
[Source "ChessBase"]
[SourceDate "2018.11.04"]
[SourceVersion "1"]
[SourceVersionDate "2018.11.04"]
[SourceQuality "1"]

1. c4 e6 2. Nf3 d5 3. g3 Nf6 4. Bg2 Be7 5. 0-0 0-0 6. Qc2 b6 7. cxd5 exd5 8. d4 Bb7 9. Nc3 a6 10. Bf4 Nbd7 11. Rac1 Rc8 12. Rfd1 h6 13. Qf5 Re8 14. Ne5 Nf8 15. h4 Bd6 16. g4 g6 17. Qb1 Nxg4 18. Nxd5 Nxe5 19. dxe5 Bxe5 20. Bxe5 Rxe5 21. Nxb6 Qxh4 22. Bxb7 Rg5+ 23. Kf1 Rb8 24. Bf3 cxb6 25. e3 Ne6 26. Ke2 Re8 27. Rh1 Nf4+ 28. Kf1 Nh3 29. Rc2 Rf5 30. Qd1 Kh7 31. Rh2 Re6 32. Rc7 Ref6 33. Qd8 Rxf3 34. Rxf7+ Rxf7 35. Qxh4 0-1

[Event "Wch Seniors 50 28th"]
[Site "Bled"]
[Date "2018.11.23"]
[Round "6"]
[White "Matthews, Shane"]
[Black "Jensen, Stein"]
[Result "1/2-1/2"]
[WhiteElo "2243"]
[BlackElo "2011"]
[PlyCount "40"]
[EventDate "2018.11.18"]
[EventType "swiss"]
[EventRounds "11"]
[EventCountry "SLO"]
[SourceTitle "CBM 187 Extra"]
[Source "ChessBase"]
[SourceDate "2018.11.04"]
[SourceVersion "1"]
[SourceVersionDate "2018.11.04"]
[SourceQuality "1"]

1. e4 e6 2. d4 d5 3. Nc3 Nf6 4. e5 Nfd7 5. f4 c5 6. Nf3 Nc6 7. Be3 a6 8. Qd2 b5 9. dxc5 Bxc5 10. 0-0-0 Qb6 11. Nd4 Nxd4 12. Bxd4 Bxd4 13. Qxd4 Qxd4 14. Rxd4 Nb6 15. a4 bxa4 16. Nxa4 Nd7 17. Be2 Rb8 18. Rhd1 a5 19. Nc3 Nc5 20. Nb5 Ke7 1/2-1/2

[Event "Wch Seniors 50 28th"]
[Site "Bled"]
[Date "2018.11.19"]
[Round "2"]
[White "Jensen, Stein"]
[Black "Mannion, Stephen R"]
[Result "0-1"]
[WhiteElo "2011"]
[BlackElo "2286"]
[PlyCount "60"]
[EventDate "2018.11.18"]
[EventType "swiss"]
[EventRounds "11"]
[EventCountry "SLO"]
[SourceTitle "CBM 187 Extra"]
[Source "ChessBase"]
[SourceDate "2018.11.04"]
[SourceVersion "1"]
[SourceVersionDate "2018.11.04"]
[SourceQuality "1"]

1. c4 e5 2. Nc3 Bb4 3. g3 Bxc3 4. bxc3 Nc6 5. Bg2 d6 6. Rb1 Nge7 7. d3 0-0 8. Nf3 Rb8 9. 0-0 h6 10. Ne1 Bg4 11. Nc2 Qd7 12. Ne3 Bh3 13. Nd5 Bxg2 14. Kxg2 f5 15. f4 exf4 16. Bxf4 Ng6 17. Qd2 Nce5 18. h3 c6 19. Ne3 Rbe8 20. Nc2 d5 21. c5 Nxf4+ 22. gxf4 Ng6 23. Nd4 Re7 24. Rf2 Rfe8 25. Kh2 Nh4 26. Nc2 Rxe2 27. Rxe2 Nf3+ 28. Kg2 Nxd2 29. Rxd2 Qc7 30. Kf3 Qa5 0-1

[Event "Benidorm op U2300 13th"]
[Site "Benidorm"]
[Date "2014.12.05"]
[Round "8"]
[White "Platel, Alexandre"]
[Black "Jensen, Stein"]
[Result "1-0"]
[WhiteElo "2219"]
[BlackElo "2016"]
[PlyCount "61"]
[EventDate "2014.11.28"]
[EventType "swiss"]
[EventRounds "10"]
[EventCountry "ESP"]
[SourceTitle "CBM 163 Extra"]
[Source "ChessBase"]
[SourceDate "2014.12.23"]
[SourceVersion "1"]
[SourceVersionDate "2014.12.23"]
[SourceQuality "1"]

1. e4 c5 2. Nf3 Nc6 3. Bb5 g6 4. 0-0 Bg7 5. c3 Nf6 6. d4 cxd4 7. cxd4 Nxe4 8. d5 Na5 9. Na3 a6 10. Bd3 Nc5 11. Nc4 Nxc4 12. Bxc4 a5 13. a3 Na6 14. d6 e6 15. Bg5 f6 16. Be3 b6 17. h4 0-0 18. Nd2 Nc5 19. b4 axb4 20. axb4 Rxa1 21. Qxa1 Nb7 22. Qa7 Nxd6 23. Bxb6 Qe8 24. Bc5 Nxc4 25. Nxc4 d5 26. Nd6 Qd8 27. Nxc8 Qxc8 28. Bxf8 Bxf8 29. b5 Bc5 30. Qa6 Qd7 31. Rc1 1-0

[Event "Narvik Rallarsjakken A"]
[Site "Narvik"]
[Date "2014.04.04"]
[Round "2"]
[White "Jensen, Stein"]
[Black "Torgersen, Markus"]
[Result "1-0"]
[WhiteElo "2061"]
[BlackElo "1741"]
[PlyCount "55"]
[EventDate "2014.04.04"]
[EventType "swiss"]
[EventRounds "5"]
[EventCountry "NOR"]
[SourceTitle "EXT 2024"]
[Source "ChessBase"]
[SourceDate "2023.10.10"]
[SourceVersion "1"]
[SourceVersionDate "2023.10.10"]
[SourceQuality "1"]

1. c4 Nf6 2. Nf3 g6 3. g3 Bg7 4. Bg2 Nc6 5. 0-0 0-0 6. d3 d6 7. Nc3 Rb8 8. Rb1 a6 9. b4 b5 10. cxb5 axb5 11. a4 bxa4 12. b5 Na5 13. Qxa4 Nb7 14. Qh4 Nc5 15. Bh6 Bd7 16. d4 Ne6 17. e4 Nh5 18. Bxg7 Nexg7 19. Qg5 e6 20. Qh6 Nf6 21. Ng5 e5 22. dxe5 dxe5 23. Nd5 Nge8 24. f4 c6 25. fxe5 cxd5 26. exf6 Nxf6 27. Rxf6 Qxf6 28. Qxh7# 1-0

[Event "Benidorm op U2300 11th"]
[Site "Benidorm"]
[Date "2012.12.07"]
[Round "9"]
[White "Skagseth, Havard M"]
[Black "Jensen, Stein"]
[Result "1/2-1/2"]
[WhiteElo "1875"]
[BlackElo "2114"]
[PlyCount "34"]
[EventDate "2012.11.30"]
[EventType "swiss"]
[EventRounds "10"]
[EventCountry "ESP"]
[SourceTitle "EXT 2014"]
[Source "ChessBase"]
[SourceDate "2013.11.20"]
[SourceVersion "1"]
[SourceVersionDate "2013.11.20"]
[SourceQuality "1"]

1. e4 g6 2. d4 Bg7 3. c4 c5 4. d5 d6 5. Bd3 b5 6. cxb5 Nf6 7. Nc3 a6 8. Nf3 0-0 9. 0-0 axb5 10. Bxb5 Ba6 11. Qe2 Nfd7 12. Bg5 Bxb5 13. Nxb5 Nb6 14. a4 Rxa4 15. Rxa4 Nxa4 16. b4 cxb4 17. Qc4 Nb6 1/2-1/2

[Event "Narvik Rallarsjakken A"]
[Site "Narvik"]
[Date "2012.04.20"]
[Round "1"]
[White "Machlik, Jon"]
[Black "Jensen, Stein"]
[Result "0-1"]
[WhiteElo "1582"]
[BlackElo "2107"]
[PlyCount "22"]
[EventDate "2012.04.20"]
[EventType "swiss"]
[EventRounds "5"]
[EventCountry "NOR"]
[SourceTitle "EXT 2024"]
[Source "ChessBase"]
[SourceDate "2023.10.10"]
[SourceVersion "1"]
[SourceVersionDate "2023.10.10"]
[SourceQuality "1"]

1. e4 Nf6 2. e5 Nd5 3. c4 Nb6 4. c5 Nd5 5. d4 e6 6. f4 b6 7. Qc2 bxc5 8. dxc5 Qe7 9. Nf3 Qxc5 10. Bd3 Nb4 11. Qxc5 Nxd3+ 0-1

[Event "NOR-chT Clubs"]
[Site "Fagernes"]
[Date "2011.10.14"]
[Round "5"]
[White "Jensen, Stein"]
[Black "Hansen, Erle Andrea Marki"]
[Result "1-0"]
[WhiteElo "1962"]
[BlackElo "1749"]
[PlyCount "93"]
[EventDate "2011.10.14"]
[EventType "team-tourn"]
[EventRounds "6"]
[EventCountry "NOR"]
[SourceTitle "EXT 2015"]
[Source "ChessBase"]
[SourceDate "2014.11.20"]
[SourceVersion "1"]
[SourceVersionDate "2014.11.20"]
[SourceQuality "1"]

1. c4 Nf6 2. Nf3 g6 3. g3 Bg7 4. Bg2 0-0 5. 0-0 d6 6. d4 Nbd7 7. Nc3 a6 8. Re1 c5 9. h3 Rb8 10. a4 b6 11. e4 Bb7 12. d5 Qc7 13. Bg5 Rfe8 14. Qd2 Nf8 15. Re2 N6d7 16. Nh2 Ne5 17. b3 Bc8 18. Rae1 f6 19. Be3 Bd7 20. f4 Nf7 21. Bf2 b5 22. axb5 axb5 23. Nf3 bxc4 24. bxc4 Rb4 25. Qd3 Ra8 26. e5 Bf5 27. Qd2 fxe5 28. fxe5 Bc8 29. exd6 exd6 30. Re7 Qd8 31. Qf4 Ne5 32. Rxg7+ Kxg7 33. Nxe5 dxe5 34. Qxe5+ Qf6 35. Qc7+ Nd7 36. Ne4 Qe5 37. Nd6 Rb7 38. Rxe5 Rxc7 39. Ne8+ Kg8 40. Nxc7 Nxe5 41. Nxa8 Nxc4 42. Bxc5 Ne5 43. Nb6 Ba6 44. d6 Bb5 45. Bd5+ Kg7 46. Bd4 Kf6 47. d7 1-0

[Event "NOR-chT Nord"]
[Site "Tromsoe"]
[Date "2011.02.22"]
[Round "5"]
[White "Jensen, Stein"]
[Black "Kristensen, Kjell Ole"]
[Result "1/2-1/2"]
[WhiteElo "2090"]
[BlackElo "2151"]
[PlyCount "89"]
[EventDate "2011.02.22"]
[EventType "team-tourn"]
[EventRounds "5"]
[EventCountry "NOR"]
[SourceTitle "EXT 2015"]
[Source "ChessBase"]
[SourceDate "2014.11.20"]
[SourceVersion "1"]
[SourceVersionDate "2014.11.20"]
[SourceQuality "1"]

1. Nf3 c5 2. c4 Nc6 3. g3 g6 4. Bg2 Bg7 5. 0-0 Nf6 6. d4 cxd4 7. Nxd4 0-0 8. Nc3 a6 9. c5 Qc7 10. Nb3 Re8 11. Bg5 e6 12. Na4 h6 13. Bf4 e5 14. Nb6 Rb8 15. Be3 Ng4 16. Nc4 Bf8 17. Bd5 Nb4 18. Nd6 Bxd6 19. cxd6 Qd8 20. Ba7 Ra8 21. Bc5 Nxd5 22. Qxd5 Rb8 23. Ba7 Ra8 24. Be3 Rb8 25. Rac1 b6 26. Rc7 Re6 27. Rfc1 Nf6 28. Qc4 Bb7 29. Bxb6 Rxd6 30. Ba7 Bd5 31. Qc5 Ne4 32. Qc2 Ra8 33. Rc8 Rxc8 34. Qxc8 Qxc8 35. Rxc8+ Kg7 36. f3 Ng5 37. Bc5 Rc6 38. Rxc6 Bxc6 39. Bd6 f6 40. Nc5 a5 41. Kf2 Kf7 42. b3 Ne6 43. Nxe6 Kxe6 44. Bc7 a4 45. bxa4 1/2-1/2

[Event "NOR-chT Nord"]
[Site "Tromsoe"]
[Date "2011.02.22"]
[Round "1"]
[White "Jorgensen, Stig E"]
[Black "Jensen, Stein"]
[Result "1-0"]
[WhiteElo "2037"]
[BlackElo "2090"]
[PlyCount "59"]
[EventDate "2011.02.22"]
[EventType "team-tourn"]
[EventRounds "5"]
[EventCountry "NOR"]
[SourceTitle "EXT 2015"]
[Source "ChessBase"]
[SourceDate "2014.11.20"]
[SourceVersion "1"]
[SourceVersionDate "2014.11.20"]
[SourceQuality "1"]

1. e4 Nf6 2. e5 Nd5 3. c4 Nb6 4. d4 d6 5. f4 dxe5 6. fxe5 Bf5 7. Nf3 e6 8. Bd3 Bg4 9. c5 Nd5 10. 0-0 Be7 11. Nc3 b6 12. h3 Bh5 13. Qa4+ c6 14. Ne4 Bg6 15. Nd6+ Bxd6 16. Bxg6 Be7 17. Bxf7+ Kxf7 18. Ng5+ Kg8 19. Nxe6 Qd7 20. cxb6 Nxb6 21. Qb3 Nd5 22. Nxg7 h6 23. Nh5 Bh4 24. Nf6+ Bxf6 25. Rxf6 Qg7 26. Rf3 Qh7 27. Bd2 Nd7 28. Raf1 Nf8 29. Rg3+ Ng6 30. Rf6 1-0

[Event "NOR-chT Nord"]
[Site "Tromsoe"]
[Date "2011.02.22"]
[Round "3"]
[White "Royset, Jon Kristian"]
[Black "Jensen, Stein"]
[Result "1-0"]
[WhiteElo "2180"]
[BlackElo "2090"]
[PlyCount "109"]
[EventDate "2011.02.22"]
[EventType "team-tourn"]
[EventRounds "5"]
[EventCountry "NOR"]
[SourceTitle "EXT 2015"]
[Source "ChessBase"]
[SourceDate "2014.11.20"]
[SourceVersion "1"]
[SourceVersionDate "2014.11.20"]
[SourceQuality "1"]

1. e4 Nf6 2. e5 Nd5 3. d4 d6 4. Nf3 Bg4 5. Be2 c6 6. Ng5 Bxe2 7. Qxe2 e6 8. Qh5 Qd7 9. 0-0 Na6 10. f4 g6 11. Qe2 0-0-0 12. c4 Ndc7 13. Be3 h6 14. Ne4 f5 15. Nxd6+ Bxd6 16. exd6 Qxd6 17. Nc3 g5 18. Rad1 g4 19. Bf2 Rde8 20. Bh4 Rhf8 21. a3 Qd7 22. Qe5 h5 23. Na4 b6 24. b3 Kb7 25. Nb2 Rg8 26. Nd3 Rgf8 27. Rd2 Rg8 28. Ra1 Rgf8 29. Rdd1 Nd5 30. Rac1 Ndc7 31. Bf2 Qe7 32. Ra1 h4 33. Be1 Rd8 34. Bc3 Rfe8 35. Bb2 Qh7 36. Qe3 Nb8 37. a4 Nd7 38. b4 Nf6 39. b5 Ne4 40. bxc6+ Kxc6 41. a5 Kb7 42. Ne5 b5 43. Qb3 a6 44. Rab1 Qh6 45. Bc1 Qf8 46. Ba3 Qh6 47. Qe3 Qf6 48. Rb2 Rg8 49. Rdb1 Rg7 50. Qd3 Ka8 51. cxb5 Nd5 52. bxa6 Rc7 53. Rb7 Rdc8 54. Qb3 Nec3 55. Rxc7 1-0

[Event "NOR-chT Clubs"]
[Site "Bekkestua"]
[Date "2009.10.23"]
[Round "5"]
[White "Myrstad, Odd Magnus"]
[Black "Jensen, Stein"]
[Result "1/2-1/2"]
[WhiteElo "2090"]
[BlackElo "1918"]
[PlyCount "46"]
[EventDate "2009.10.23"]
[EventType "team-swiss"]
[EventRounds "6"]
[EventCountry "NOR"]
[SourceTitle "EXT 2012"]
[Source "ChessBase"]
[SourceDate "2011.11.24"]
[SourceVersion "1"]
[SourceVersionDate "2011.11.24"]
[SourceQuality "1"]

1. e4 g6 2. d4 Bg7 3. Nf3 d6 4. Be3 Nf6 5. Nbd2 0-0 6. h3 a6 7. Bd3 b6 8. c3 c5 9. dxc5 bxc5 10. 0-0 a5 11. e5 dxe5 12. Nxe5 Nd5 13. Ndf3 Nxe3 14. fxe3 Be6 15. Qe2 Qc7 16. Nc4 Qg3 17. Qf2 Qxf2+ 18. Rxf2 Bh6 19. Re1 Nd7 20. a4 f6 21. e4 Rfb8 22. e5 f5 23. h4 Nb6 1/2-1/2

[Event "Nord Norsk-ch"]
[Site "Tromsoe"]
[Date "2008.05.09"]
[Round "6"]
[White "Flermoen, Peter"]
[Black "Jensen, Stein"]
[Result "1/2-1/2"]
[WhiteElo "1747"]
[BlackElo "1887"]
[PlyCount "20"]
[EventDate "2008.05.09"]
[EventType "swiss"]
[EventRounds "6"]
[EventCountry "NOR"]
[SourceTitle "EXT 2010"]
[Source "ChessBase"]
[SourceDate "2010.11.25"]
[SourceVersion "1"]
[SourceVersionDate "2010.11.25"]
[SourceQuality "1"]

1. e4 c5 2. Nf3 Nc6 3. d4 cxd4 4. Nxd4 g6 5. c4 Bg7 6. Nc2 Nf6 7. Nc3 d6 8. Be2 Nd7 9. Be3 0-0 10. 0-0 Bxc3 1/2-1/2

[Event "Nord Norsk-ch"]
[Site "Tromsoe"]
[Date "2008.05.09"]
[Round "4"]
[White "Pedersen, Oyvind"]
[Black "Jensen, Stein"]
[Result "1-0"]
[WhiteElo "1937"]
[BlackElo "1887"]
[PlyCount "31"]
[EventDate "2008.05.09"]
[EventType "swiss"]
[EventRounds "6"]
[EventCountry "NOR"]
[SourceTitle "EXT 2010"]
[Source "ChessBase"]
[SourceDate "2010.11.25"]
[SourceVersion "1"]
[SourceVersionDate "2010.11.25"]
[SourceQuality "1"]

1. e4 g6 2. d4 c6 3. Nf3 Bg7 4. Bd3 d5 5. e5 Bg4 6. Nbd2 f6 7. h3 Be6 8. Qe2 Kf7 9. 0-0 Nd7 10. Re1 Nf8 11. Nb3 b6 12. a4 a5 13. Ra3 h5 14. Nh4 g5 15. exf6 exf6 16. Bg6+ 1-0

[Event "NOR-chT lag"]
[Site "Tromsoe"]
[Date "2008.02.29"]
[Round "4"]
[White "Robertsen, Thomas"]
[Black "Jensen, Stein"]
[Result "1-0"]
[WhiteElo "2157"]
[BlackElo "1917"]
[PlyCount "113"]
[EventDate "2008.02.29"]
[EventType "team-tourn"]
[EventRounds "5"]
[EventCountry "NOR"]
[SourceTitle "EXT 2010"]
[Source "ChessBase"]
[SourceDate "2010.11.25"]
[SourceVersion "1"]
[SourceVersionDate "2010.11.25"]
[SourceQuality "1"]

1. e4 c6 2. d4 g6 3. Nc3 d5 4. h3 Bg7 5. Nf3 dxe4 6. Nxe4 Nd7 7. Bc4 Ngf6 8. Nxf6+ Nxf6 9. 0-0 0-0 10. Re1 b5 11. Bb3 Bb7 12. Bg5 Qc7 13. Qe2 e6 14. Ne5 Nd5 15. Bxd5 exd5 16. Ng4 Bc8 17. Nf6+ Bxf6 18. Bxf6 Qf4 19. Qe7 h5 20. Bg5 Qxd4 21. Bf6 Qf4 22. Bg5 Qd4 23. Bh6 Bf5 24. c3 Qh8 25. Bxf8 Rxf8 26. Qxa7 Qf6 27. Qe7 Kg7 28. a4 bxa4 29. Rxa4 Qxe7 30. Rxe7 Bd3 31. Raa7 Bb5 32. g4 hxg4 33. hxg4 g5 34. Kg2 Kf6 35. Kg3 d4 36. cxd4 Bc4 37. f4 gxf4+ 38. Kxf4 Rb8 39. Rab7 Rd8 40. Red7 Re8 41. Rd6+ Be6 42. Rxc6 Rd8 43. g5+ Kg6 44. Rb4 Rh8 45. Rbb6 Rh4+ 46. Ke5 Kxg5 47. Rxe6 fxe6 48. Rxe6 Rh2 49. b4 Rb2 50. Rb6 Re2+ 51. Kd6 Kf6 52. d5 Rd2 53. Kd7+ Kf7 54. d6 Rd4 55. b5 Rd5 56. Rb7 Kf8 57. b6 1-0

[Event "NOR-chT lag"]
[Site "Tromsoe"]
[Date "2008.02.29"]
[Round "1"]
[White "Takle, Dan"]
[Black "Jensen, Stein"]
[Result "1/2-1/2"]
[WhiteElo "1728"]
[BlackElo "1917"]
[PlyCount "100"]
[EventDate "2008.02.29"]
[EventType "team-tourn"]
[EventRounds "5"]
[EventCountry "NOR"]
[SourceTitle "EXT 2010"]
[Source "ChessBase"]
[SourceDate "2010.11.25"]
[SourceVersion "1"]
[SourceVersionDate "2010.11.25"]
[SourceQuality "1"]

1. e4 c6 2. d3 g6 3. Nf3 Bg7 4. g3 d6 5. Bg2 Bg4 6. h3 Bd7 7. 0-0 Na6 8. c3 h5 9. Bg5 Qc8 10. Kh2 f6 11. Be3 g5 12. Ng1 h4 13. g4 Nh6 14. Bf3 Qc7 15. Kh1 e5 16. d4 Nf7 17. Be2 Bf8 18. Nf3 Be7 19. b4 Be6 20. a4 Rd8 21. b5 Nb8 22. d5 cxd5 23. exd5 Bc8 24. Bxa7 b6 25. Bxb8 Qxb8 26. Qc2 Qc7 27. Nbd2 Bb7 28. c4 Bxd5 29. Qf5 Bb7 30. Ne4 Rh6 31. Nc3 e4 32. Nd4 Qc5 33. Qxc5 dxc5 34. Nf5 Rh8 35. Rad1 Bd6 36. Ne3 Ne5 37. Ncd5 Kf7 38. Nxb6 Bc7 39. Nbd5 Ba5 40. Kg2 Rhf8 41. Rb1 Ng6 42. f4 gxf4 43. Nxf4 Rd2 44. Rbe1 Ra2 45. Nfd5 Bxe1 46. Rxe1 Rxa4 47. Rd1 Rd8 48. Kf2 Ra2 49. Ke1 Ne5 50. Nf5 Ra3 1/2-1/2

[Event "Harstad op-A"]
[Site "Harstad"]
[Date "2006.10.15"]
[Round "4"]
[White "Jensen, Stein"]
[Black "Mikalsen, Odd Erling"]
[Result "0-1"]
[WhiteElo "1877"]
[BlackElo "1669"]
[PlyCount "138"]
[EventDate "2006.10.13"]
[EventType "swiss"]
[EventRounds "5"]
[EventCountry "NOR"]
[SourceTitle "EXT 2008"]
[Source "ChessBase"]
[SourceDate "2007.11.25"]
[SourceVersion "1"]
[SourceVersionDate "2007.11.25"]
[SourceQuality "1"]

1. c4 Nf6 2. Nf3 e6 3. b3 g6 4. Bb2 Bg7 5. g3 0-0 6. Bg2 d5 7. 0-0 c6 8. Qc2 a5 9. d3 Na6 10. Nbd2 Nb4 11. Qb1 Qb6 12. a3 Na6 13. Qc2 c5 14. e4 d4 15. h3 Nh5 16. e5 Bd7 17. Rae1 Nb8 18. Ne4 Bc6 19. Bc1 a4 20. b4 Bxe4 21. Rxe4 cxb4 22. axb4 a3 23. b5 Nd7 24. Ree1 Rfc8 25. Qa2 Nc5 26. g4 Nxd3 27. gxh5 Qa5 28. Bd2 Nb4 29. Qb3 Bf8 30. Ra1 Qa4 31. Qxa4 Rxa4 32. Nxd4 Rxc4 33. Nb3 a2 34. Bxb4 Rcxb4 35. Nc1 Rb2 36. Rxa2 Raxa2 37. Nxa2 Rxa2 38. Rd1 Rb2 39. Rd8 Rxb5 40. Kh2 gxh5 41. f4 Kg7 42. Rb8 b6 43. Bc6 Rb2+ 44. Kg3 Bc5 45. Be8 Rb3+ 46. Kg2 Rb2+ 47. Kg3 Be7 48. Bc6 h4+ 49. Kf3 Rb3+ 50. Ke4 Bc5 51. f5 Rb4+ 52. Kf3 exf5 53. Rb7 Kg6 54. Bd5 Kg5 55. Rxf7 Rf4+ 56. Ke2 Rd4 57. Bc6 Kf4 58. e6 Rd6 59. Bd7 Rd5 60. e7 Re5+ 61. Kf1 Bxe7 62. Bxf5 Rxf5 63. Rxe7 h5 64. Kf2 b5 65. Kg2 Re5 66. Rd7 Ke4 67. Rf7 Kd4 68. Rf4+ Kc3 69. Rxh4 b4 0-1

[Event "Tromsoe Midnight Sun"]
[Site "Tromsoe"]
[Date "2006.06.25"]
[Round "2"]
[White "Jensen, Stein"]
[Black "Bryn, Thomas"]
[Result "1/2-1/2"]
[WhiteElo "2159"]
[BlackElo "1994"]
[PlyCount "149"]
[EventDate "2006.06.24"]
[EventType "swiss"]
[EventRounds "9"]
[EventCountry "NOR"]
[SourceTitle "CBM 112 Extra"]
[Source "ChessBase"]
[SourceDate "2006.07.14"]
[SourceVersion "1"]
[SourceVersionDate "2006.07.14"]
[SourceQuality "1"]

1. Nf3 d5 2. c4 dxc4 3. Na3 Nf6 4. Nxc4 e6 5. g3 b6 6. Bg2 Bb7 7. 0-0 Nbd7 8. b3 Be7 9. Bb2 0-0 10. Qc2 c5 11. Rac1 Qc7 12. Qb1 Rac8 13. Qa1 Qb8 14. Nce5 Nxe5 15. Bxe5 Qa8 16. d3 Rfd8 17. Ne1 Ne8 18. f4 Bxg2 19. Nxg2 Bf6 20. Ne3 Qb7 21. Rf3 Qe7 22. Rcf1 Nd6 23. f5 Bxe5 24. Qxe5 f6 25. Nd5 Qe8 26. Qxe6+ Qxe6 27. fxe6 Re8 28. Re3 Nb5 29. e7 Nc7 30. Rf5 Nxd5 31. Rxd5 Rc7 32. Kf2 Kf7 33. g4 Rcxe7 34. Rxe7+ Kxe7 35. Kf3 Ke6 36. Rf5 Rd8 37. Rf4 Rd5 38. Re4+ Re5 39. Rc4 b5 40. Rc2 Kd5 41. e3 Re6 42. Rd2 Ra6 43. d4 cxd4 44. Rxd4+ Kc5 45. a4 bxa4 46. bxa4 Rd6 47. Re4 Rd7 48. h4 h6 49. Kf4 Rb7 50. Kf5 a5 51. Kg6 Rb4 52. Rd4 Rb7 53. Re4 Kd5 54. Rf4 Ke6 55. Re4+ Kd5 56. Rd4+ Ke5 57. Rf4 Rb4 58. Kxg7 Rxf4 59. exf4+ Kxf4 60. Kxh6 Kxg4 61. h5 f5 62. Kg6 f4 63. h6 f3 64. h7 f2 65. h8Q f1Q 66. Qh5+ Kg3 67. Qg5+ Kf2 68. Qf5+ Kg2 69. Qxf1+ Kxf1 70. Kf5 Ke2 71. Ke4 Kf2 72. Kd4 Kf3 73. Kc5 Ke4 74. Kb5 Kd5 75. Kxa5 1/2-1/2

[Event "NOR-chT north"]
[Site "Harstad"]
[Date "2006.01.29"]
[Round "4"]
[White "Soraas, Torben"]
[Black "Jensen, Stein"]
[Result "1-0"]
[WhiteElo "2047"]
[BlackElo "1906"]
[PlyCount "53"]
[EventDate "2006.01.27"]
[EventType "team"]
[EventRounds "5"]
[EventCountry "NOR"]
[SourceTitle "EXT 2008"]
[Source "ChessBase"]
[SourceDate "2007.11.25"]
[SourceVersion "1"]
[SourceVersionDate "2007.11.25"]
[SourceQuality "1"]

1. e4 g6 2. d4 Bg7 3. Nc3 d6 4. Be3 a6 5. Qd2 Nd7 6. Nf3 b5 7. a4 b4 8. Ne2 Bb7 9. Ng3 c5 10. Bd3 Qa5 11. 0-0 h5 12. h3 h4 13. Ne2 Ngf6 14. e5 cxd4 15. exf6 Bxf6 16. Nfxd4 e5 17. Nb3 Qc7 18. Qxb4 d5 19. f3 Be7 20. Qa5 Qc6 21. c4 d4 22. Bf2 f5 23. Nbxd4 exd4 24. Nxd4 Qd6 25. Rae1 Nc5 26. Nxf5 gxf5 27. Bxc5 1-0